LEADER 01046nam0 22002651i 450 001 UON00005242 005 20231205101908.457 010 $a88-04-33099-6 100 $a20020107d1990 |0itac50 ba 101 $aita 102 $aIT 105 $a|||| 1|||| 200 1 $aˆIl ‰giardino di infanzia di Riki$fDavid Grossman 205 $aMilano : Mondadori$b1990 210 $a130 p.$a18 cm 215 $aTraduzione e nota introduttiva di Gabriella Moscati 606 $aLetteratura Ebraica$xNarrativa$xSec. XX-XXI$3UONC068106$2FI 686 $aSEB VI DA$cStudi ebraici - Letteratura - Periodo moderno e contemporaneo - testi$2A 700 1$aGROSSMAN$bDavid$3UONV004422$0476367 801 $aIT$bSOL$c20250620$gRICA 899 $aSIBA - SISTEMA BIBLIOTECARIO DI ATENEO$2UONSI 912 $aUON00005242 950 $aSIBA - SISTEMA BIBLIOTECARIO DI ATENEO$dSI SEB VI DA 091 N $eSI SA 72291 5 091 N 996 $aGiardino di infanzia di Riki$91175416 997 $aUNIOR